शिर ही ब्रह्मांड जग ही पिंडांड / (Record no. 16176)

MARC details
000 -LEADER
fixed length control field 01240nam a22002657a 4500
005 - DATE AND TIME OF LATEST TRANSACTION
control field 20081003124743.0
008 - FIXED-LENGTH DATA ELEMENTS--GENERAL INFORMATION
fixed length control field 081003t xxu||||| |||| 00| 0 hin d
010 ## - LCCN (DPL NO)
LC control number HIN-84268
020 ## - INTERNATIONAL STANDARD BOOK NUMBER
Terms of availability 100.00
035 ## - SYSTEM CONTROL NUMBER
System control number HN-56614
037 ## - SOURCE OF ACQUISITION
Source of stock number/acquisition DBAD /PUB
040 ## - CATALOGING SOURCE
Original cataloging agency DPL
Language of cataloging HN
082 ## - DEWEY DECIMAL CLASSIFICATION NUMBER
Classification number 181.432
100 ## - MAIN ENTRY--PERSONAL NAME
Personal name सदा शिव योगी
245 ## - TITLE STATEMENT
Title शिर ही ब्रह्मांड जग ही पिंडांड /
Statement of responsibility, etc सदा शिव योगी; के. हैमा द्वारा अनुदित
246 ## - VARYING FORM OF TITLE
Title proper/short title Shira hii brahamaanda
Remainder of title by Sada Shiv Yogi; translated by K. Haima
260 ## - PUBLICATION, DISTRIBUTION, ETC. (IMPRINT)
Place of publication, distribution, etc विशाखापतनम
Name of publisher, distributor, etc श्री शिवानंद योगाश्रम
270 ## - ADDRESS
Address 11-78, टी.वी.टावर कालोनी
Telephone number 0891 2715302
300 ## - PHYSICAL DESCRIPTION
Extent 260पृ
Other physical details 22सेमी (अजिल्द)
Dimensions सचित्र
650 ## - SUBJECT ADDED ENTRY--TOPICAL TERM
Topical term or geographic name as entry element योग
650 ## - SUBJECT ADDED ENTRY--TOPICAL TERM
Topical term or geographic name as entry element Yoga
700 ## - ADDED ENTRY--PERSONAL NAME
Personal name हैमा, के.
942 ## - ADDED ENTRY ELEMENTS (KOHA)
Source of classification or shelving scheme Dewey Decimal Classification
Item type Hindi Books
Call number suffix सदाशि
Classification part 181.432
Holdings
Withdrawn status Lost status Source of classification or shelving scheme Damaged status Not for loan Collection code Home library Current library Date acquired Source of acquisition Cost, normal purchase price Total Checkouts Full call number Barcode Date last seen Copy number Cost, replacement price Koha item type
    Dewey Decimal Classification   Not For Loan Non-fiction D.B.Act.Division D.B.Act.Division 03/10/2008 DBAD / PUB 100.00   181.432 सदाशि HN-56614 03/10/2008 1 100.00 Hindi Books

© Delhi Public Library
Hit Counter
free hit counter